الكامل في قواعد المرور : (رقم التسجيلة. 52099)

تفاصيل مارك
000 -LEADER
fixed length control field 00517nam a22001697a 4500
005 - DATE AND TIME OF LATEST TRANSACTION
control field 20251108170922.0
008 - FIXED-LENGTH DATA ELEMENTS--GENERAL INFORMATION
fixed length control field 250721s1998 xx 000 0 ara d
082 14 - DEWEY DECIMAL CLASSIFICATION NUMBER
Classification number 629.28/أسا
100 1# - MAIN ENTRY--PERSONAL NAME
Personal name الشمايلة، أسامه
245 10 - TITLE STATEMENT
Title الكامل في قواعد المرور :
Remainder of title تعلم - تمهل - تدرب /
264 1# - PRODUCTION, PUBLICATION, DISTRIBUTION, MANUFACTURE, AND COPYRIGHT NOTICE
Place of production, publication, distribution, manufacture إربد :
Name of producer, publisher, distributor, manufacturer مطبعة الروزنا،
Date of production, publication, distribution, manufacture, or copyright notice 1998.
300 ## - PHYSICAL DESCRIPTION
Extent 89ص
650 17 - SUBJECT ADDED ENTRY--TOPICAL TERM
Topical term or geographic name as entry element السيارات
650 17 - SUBJECT ADDED ENTRY--TOPICAL TERM
Topical term or geographic name as entry element سائقو السيارات
942 ## - ADDED ENTRY ELEMENTS (KOHA)
Source of classification or shelving scheme Dewey Decimal Classification
Koha item type كتب
المقتنيات
حالة السحب حالة الفقدان مصدر التصنيف حالة التلف غير قابل للإعارة المكتبة الرئيسية المكتبة الحالية موقع الرف تاريخ التزويد الرقم المتسلسل Total Checkouts رقم الإستدعاء تاريخ آخر ظهور تاريخ الفاتورة نوع المادة (كوها) الباركود
    Dewey Decimal Classification Unchecked   مكتبة الحسن العامة مكتبة الحسن العامة الإعارة 06/07/2004 11794   629.28/أسا 28/07/2025 06/07/2004 كتب  
    Dewey Decimal Classification     مكتبة وادي السير العامة مكتبة وادي السير العامة الإعارة 15/03/2016 [8087]   629.28/أسا 28/07/2025 15/03/2016 كتب PLD00379987
Implemented & Customized by: BBB with SCIT (Smart Chains for Information Technology)

Powered by Koha